La libertad y el libertinaje / (Record no. 146081)

MARC details
000 -LEADER
campo de control de longitud fija 00441nam a2200145 i 4500
001 - NÚMERO DE CONTROL
campo de control 146081
003 - IDENTIFICADOR DE NÚMERO DE CONTROL
campo de control ES-MaACL
005 - FECHA Y HORA DE LA ÚLTIMA TRANSACCIÓN
campo de control 20230906201417.0
007 - CAMPO FIJO DE DESCRIPCIÓN FÍSICA--INFORMACIÓN GENERAL
campo de control de longitud fija t|
008 - DATOS DE LONGITUD FIJA--INFORMACIÓN GENERAL
campo de control de longitud fija 070731s1916 sp ||||1| spa d
100 1# - ENTRADA PRINCIPAL--NOMBRE DE PERSONA
Nombre de persona Torrens y Cuevas, Francisco.
9 (RLIN) 110828
245 13 - MENCIÓN DEL TÍTULO
Título La libertad y el libertinaje /
Mención de responsabilidad, etc. Francisco Torrens y Cuevas.
260 ## - PUBLICACIÓN, DISTRIBUCIÓN, ETC.
Lugar de publicación, distribución, etc. La Laguna de Tenerife :
Nombre del editor, distribuidor, etc. [s.n.],
Fecha de publicación, distribución, etc. 1916 (
Fabricante Im. de suc. Curbelo)
852 ## - LOCALIZACIÓN
Ubicación ES-MaACL
Número de control de estantería 1547-F-12
Holdings
Estatus retirado Estado de pérdida Estado de daño No para préstamo Colección Biblioteca de origen Biblioteca actual Ubicación en estantería Fecha de adquisición Fuente de adquisición Total de préstamos Signatura topográfica completa Código de barras Visto por última vez Precio de reemplazo Tipo de ítem Koha
        Colección de folletos Biblioteca del Ateneo de Madrid Biblioteca del Ateneo de Madrid Depósito folletos 17/01/2008     1547-F-12 1152475 23/02/2023 23/02/2023 Folleto